Statistics for All Google Apps

Click here to take the quiz!

General Stats

  • This quiz has been taken 8 times
  • The average score is 21 of 104

Answer Stats

Main DescriptionApp% Correct
Voice-guided navigation for [App Name], optimized for low-memory phones.Navigation for Google Maps Go
88%
Get real-time traffic, directions, search and find places.Google Maps Go
88%
Real-time GPS navigation and local suggestions for food, events, and activities.Google Maps
88%
Create and edit custom maps on the go.Google My Maps
88%
Connect, create, and collaborate with [App Name], part of Google Workspace.Gmail
75%
Warning: experimental. Tap "Read More" for details.Chrome Canary (Unstable)
63%
Store, access, and share securely with [App Name], part of Google Workspace.Google Drive
63%
Fast, simple, and secure. [App Name] browser for Android phones and tablets.Google Chrome
63%
Securely access your computers from your Android device.Chrome Remote Desktop
63%
The speed and simplicity of [App Name], before everyone else.Chrome Dev
63%
Smart, light, and fast photo and video gallery.Gallery Go by Google Photos
50%
Create, Edit, and collaborate online with [App Name], part of Google Workspace.Google Docs
50%
[App Name] - free messaging, video, and voice.Hangouts
50%
Find satellite images of any location. Discover cities and mountains with tours.Google Earth
50%
Find quick answers, explore your interests, and keep up to date with Discover.Google
50%
Back up your contacts and access them anywhere.Contacts
50%
Everything you need in one app.Google Go: A lighter, faster way to search
50%
Manage your [App Name] channel on the go: Publish, Edit, Analyze, and ReplyYouTube Studio
50%
For the culturally curious - stories from around the world.Google Arts and Culture
50%
Stay informed with the latest world and local news personalized for your interest.Google News - Top world and local news headlines
50%
The world of music dedicated to you.YouTube Music
50%
Encourage kids to discover the world with a suite of parental controls.YouTube Kids
50%
Enjoy your favorite videos and channels with the official [App Name] app.YouTube
50%
The home for your memories. Relive, share, and organize your photos.Google Photos
50%
Create and edit online worksheets with [App Name], part of Google Workspace.Google Sheets
50%
The world is closer than ever with over 100 languages.Google Translate
50%
Photos from the past, meet scanner from the future.Photo scan by Google Photos
50%
High-quality video calling for Android and iOS phones, tablets, Google Nest, and webGoogle Duo
38%
Get your team connected to secure video conferencing with [App Name].Google Meet
38%
Connect with your classes and do assignments on the go.Google Classroom
38%
Create and edit presentations with [App Name], part of Google Workspace.Google Slides
38%
A podcast player from Google. Listen and subscribe to the world's podcasts.Google Podcasts
38%
Always know what's next with [App Name], part of Google Workspace.Google Calendar
38%
Play games instantly, save progress, and earn achievements.Google Play Games
25%
Collaborate seamlessly with [App Name], part of Google Workspace.Google Chat
25%
Automatic phone backup, expanded storage for [Other App Name], [Other App Name], [Other App Name], and more.Google One
25%
The official [App Name] mobile app: check key metrics and real-time data.Google Analytics
25%
Call, search, navigate, and more-all with your [App Name].Google Assistant
25%
The companion app for your Pixel Buds.Google Pixel Buds
25%
Stay connected to your [App Name] campaigns on the go.Google Ads
25%
Your simple and beautiful alarm clock for Android.Clock
25%
A simple calculator utility for Android.Calculator
13%
Set up and control your compatible Nest, Chromecast, and [App Name] devices.Google Home
13%
Blogging on the go.Blogger
13%
Enable 2-step verification to protect your account from hijacking.Google Authenticator
13%
Create your own [App Name] imagery or virtually explore the world.Google Street View
13%
A collaboration space worthy of your ideas.Jamboard
13%
Make the most of your display with beautiful wallpapers and advanced features.Wallpapers
13%
Simply create any task or subtask. Integrated with [Other App Name] for easy collaboration.Google Tasks
13%
Allows G Suite domain admin to set security policies for your Android device.Google Apps Device Policy
13%
Lights! Camera! Play!Toontastic 3D
0%
Filter, augment, and amplify the sound around you and on your device.Sound Amplifier
0%
Get Unstuck. Learn better.Socratic by Google
0%
Professional quality photo edits with the new [App Name].Snapseed
0%
Provides accessibility by voice for hands-free mobile computing.Voice Access
0%
[App Name] by [Other App Name] app, previously Android Wear, syncs your smartwatch and phone.Wear OS by Google Smartwatch
0%
Watch movies and TV show on Google Play or find where their available to stream.Google Play Movies and TV
0%
Immerse yourself in a world of storytelling made for mobile.Google Spotlight Stories
0%
Reliable phone calls with spam protection, caller ID, and more helpful features.Phone by Google
0%
Simple, helpful messaging by Google.Messages
0%
Share your Android device screen for personalized Google support.Google Support Services
0%
A shared home for your team's design work.Material Gallery
0%
A visual assistant to help people with vision loss explore the world.Lookout by Google
0%
Learn to code for free on your phone in as little as 5 minutes a day.Grasshopper: Learn to Code
0%
Let your device do the talking.Google Text-to-Speech
0%
The companion app for [App Name] and Onhub.Google Wifi
0%
[App Name] provides functionality for Daydream and [Other App Name] apps.Google VR Services
0%
Understand your app's statistics, get notified of changes, and reply to reviews.Google Play Console
0%
Scan accessibility quickly.Accessibility Scanner
0%
All the books you love. On the page or out loud. Anywhere you are.Google Play Books and Audiobooks
0%
Web content for apps, powered by [Other App Name].Android System WebView Dev
0%
Previews creatives in mobile SDKs.Creative Preview.
0%
[App Name] enables the latest communication services from mobile carriers.Carrier Services
0%
Design principles for virtual reality.Cardboard Design Lab
0%
Answer top Google question.Cameos on Google
0%
[App Name] Remote.Android TV Remote Control
0%
Save data while using Android TVAndroid TV Data Saver
0%
Web content for apps, powered by [Other App Name].Android System WebView Canary
0%
Connect with your colleagues.Currents
0%
Web content for apps, powered by [Other App Name].Android System WebView Beta
0%
Web content for apps, powered by [Other App Name].Android System WebView
0%
Use [App Name] to access your organization's apps and resources.Android Device Policy
0%
Must-have smart driving app with maps, media, messaging, and voice actions.Android Auto for phone screens
0%
Control maps, media and messaging, with Google Assistant while you drive.Android Auto
0%
Includes TalkBack, Accessibility Menu, and more.Android Accessibility Suite
0%
Making the internet a better place for your community.Crowdsource
0%
Restore apps and more from an old phone.Data Transfer Tool
0%
[App Name] - input Chinese using pinyin, handwriting, etc.Google Pinyin Input
0%
Set screen time limits, manage apps, and view app activity for your kid's device.Google Family Link for parents
0%
Connect with your customers on Google and get insights on your business.Google My Business - Connect with your Customers
0%
Translate words, identify plants, find products, and more using just your camera.Google Lens
0%
[App Name]Google Keep - Notes and Lists
0%
[App Name] - A new way to type your native language on Android.Google Indic Keyboard
0%
Want to take charge of your health? Let [App Name] help you with your goals.Google Fit: Activity Tracking
0%
Making routine actions easier with customizable buttons on your home screen.Action Blocks
0%
Download this app to your child/teen's device to use [App Name].Google Family Link for children and teens
0%
Improve your wellbeing and disconnect easily.Digital Wellbeing
0%
The fastest and easiest way to find your information at work.Google Cloud Search
0%
Manage your [App Name] solution.Google Cloud Console
0%
Use your braille display with your Android device.Google BrailleBack
0%
Manage users, reset passwords, manage group memberships, and manage devices.Google Admin
0%
Fast and smart typing with Emojis, GIFs, and more.Gboard - The Google Keyboard
0%
Clean up your phone, find files fast and share offline.Files by Google
0%
Find, ring, lock, and erase any lost Android device.Google Find My Device
0%

Score Distribution

Percentile by Number Answered

Percent of People with Each Score

Your Score History

You have not taken this quiz